Waterloo Road Series 6 Characters Quiz Stats

 Plays Quiz not verified by Sporcle

Support Sporcle.
Go Orange.
Score 0/16 Timer 08:00
0 Plays Today
Hint Character % Correct
A chatty girl, who is Sam's best mateLauren
93.4%
The sarky,confident,pretty and popular head teachers daughterJess
88.6%
The savy and smart bad boy who's used to getting his own wayFinn
83.3%
Named after he mums favourite drink, a very defensive and smart girl with a chaotic familySambuca
82.5%
A cocky entrepreneur who's obsessed with making moneyRonan
81.6%
A dedicated student, with a teacher as a father, who is now comfortable with who he is and his sexualityJosh
81.6%
A bulimic boy, who's parents divorce has hit him harder than everyone thinksHarry
81.4%
An impressionable young boy who has a chaotic family, and a brother in prisonDenzil
79.2%
Hint Character % Correct
A girl who is a survivour, ran away and is now trying to make a better life Bex
77.3%
A rebellious and confrontational girl who got in too deep when a suicide pact was infront of herAmy
74.4%
A teachers nightmare, a cocky and disrespectful boy with a violent temprementKyle
71.9%
A sweet girl who suffered because of the death of her father at the hands of her sisterEmily
68.8%
A confident,clever,carismatic and quiet charm that wins people over. He's in a relationship with josh Nate
68.4%
An authentic,smart and mature boy, who sometimes gets in fair too deepJonah
62.6%
A genius child, who struggeled to fit into the mainstream school system when she first arivedRuth
59.9%
A loyal and caring girl who is a total survivor, especially after the death of her fatherVicki
58.6%

You're not logged in!

Compare scores with friends on all Sporcle quizzes.
OR
Log In

From the Vault

Christmas Ransom Note

by kfastic

Santa has been taken! Somebody call Liam Neeson!
Remove Ads.
Support Sporcle.
Get the best of Sporcle when you Go Orange. This ad-free experience offers more features, more stats, and more fun while also helping to support Sporcle. Thank you for becoming a member.

Show Comments

Extras

Created Mar 6, 2011ReportNominate
Tags:Character, road, Waterloo

Top Quizzes Today


Score Distribution

Your Account Isn't Verified!

In order to create a playlist on Sporcle, you need to verify the email address you used during registration. Go to your Sporcle Settings to finish the process.

Report this User

Report this user for behavior that violates our Community Guidelines.

Details: